01465nam a2200277 i 4500003000900000005001700009007000300026008004100029040003000070082001400100100005800114245018100172246002900353264004400382300002400426336002700450337003300477338002800510500024500538504003500783590007700818710009500895942001400990952016601004999001701170DO-SdBNP20250306140931.0ta240117e1946 dr ac||| m||| 00| 0 eng d aDO-SdBNPbspacBNPHUerda 4222bR488f1 aRicart Cambiaso, Ricardo Rafael Adolfo 984794eautor10aFormulario del Dr. Juan Méndez Nieto :bhistoria de la farmacia en Santo Domingo. tesis para el doctorado año académico 1645-1946 /cRicardo Rafael Adolfo Ricart Cambiaso13aTesis para el doctorado. 1aSanto Domingo :bEscobar i Cía,c1946 a107 hojas ;c27 cm. 2rdacontentatextobtxt 2rdamediaasin mediaciónbn 2rdacarrieravolumenbnc aArt. 16 del reglamento interior del Instituto Profesional. En el examen final, el actuante está obligado á responder á todas las preguntas i observaciones del Jurado Examinador que directa é indirectamente se relaciona con su tesis. aBibliografía: página [108] aTesis para la Licenciatura de Derecho Civil 1946. Inventariado 2024 / MF1 aUniversidad Autónoma de Santo DomingobFacultad de Farmacia y Ciencias Químicas972951 2ddccLBS1 00102ddc51708PDaBNPHUbBNPHUcCTd2024-01-17ePerteneció a la bibliioteca de Carlos Larrazábal Blancol0oR488fp2024-0297r2024-01-17w2024-01-17yLBS1 c55720d55720